000 002660000a22000970004500
100 1 _aSánchez Cetina, Edesio
245 1 0 _aLa generación del '71 : Remembrenzas
300 _aVol. 18, Num 1. (Junio, 1998), Páginas 86-93
773 0 _tVida y pensamiento
942 _cANA
999 _c53089
_d53089